000 01748cam a2200421 i 4500
999 _c27254
_d27254
006 m o d
007 cr un||||a|a||
008 100418s1979 nyua ob 001 0 eng d
020 _a1299555292
020 _a9781299555297
040 _aOCLCE
_beng
_epn
042 _adlr
082 0 4 _a574.5/2636
_218
245 0 0 _aMarine pollution :
_bfunctional responses /
_cedited by Winona B. Vernberg [and others].
260 _aNew York :
_bAcademic Press,
_c1979.
300 _a1 online resource (xiii, 454 pages) :
_billustrations
504 _aIncludes bibliographical references and index.
506 _3Use copy
_fRestrictions unspecified
_2star
_5MiAaHDL
533 _aElectronic reproduction.
_b[Place of publication not identified] :
_cHathiTrust Digital Library,
_d2010.
583 1 _adigitized
_c2010
_hHathiTrust Digital Library
_lcommitted to preserve
_2pda
_5MiAaHDL
650 0 _aMarine ecology.
650 0 _aMarine pollution.
650 0 _aMarine animals
_xPhysiology.
650 6 _aPollution marine.
650 7 _amarine pollution.
_2aat
650 7 _aMarine animals
_xPhysiology.
_2fast
650 7 _aMarine ecology.
_2fast
650 7 _aMarine pollution.
_2fast
650 7 _aPoluicao Marinha.
_2larpcal
650 7 _aPoluicao Marinha (Efeitos Biologicos)
_2larpcal
700 1 _aVernberg, Winona B.,
_d1924-
710 2 _aUniversity of South Carolina.
_bSchool of Public Health.
710 2 _aBelle W. Baruch Institute for Marine Biology and Coastal Research.
710 2 _aNortheast Fisheries Center (U.S.)
776 0 8 _iPrint version:
_tMarine pollution.
_dNew York : Academic Press, 1979
_w(DLC) 79010451
_w(OCoLC)4831780
856 4 0 _uhttps://www.sciencedirect.com/science/book/9780127182605
942 _cEBK